000 01176cam a22001814a 4500
005 20250605164126.0
008 250528s ||||||||||||||||||||||||d
035 _a18453
040 _aGR-AtMCL
_bgre
_dGR-AtMCL
_eAACR2
245 1 _aΕισαγωγή στην Οικονομική των Επιχειρήσεων / Καθηγητής: Σταύρος Β. Θωμαδάκης
260 _bΠανεπιστήμιο Αθηνών. Τμήμα Οικονομικών Επιστημών,
_c1990
300 _a156
520 _aΕισαγωγή στην Οικονομική των Επιχειρήσεων, Τί Είναι η Επιχείρηση;, Ανάλυση και Διαχείριση του Επιχειρηματικού Κόστους, Η Ανάλυση της Ζήτησης Προϊόντων, Ο Διαχρονικός Οικονομικός Λογισμός των Επιχειρήσεων, Το Σύστημα Πληροφόρησης και Ελέγχου της Επιχείρησης, Βιβλιογραφία, Παράρτημα Ασκήσεων.
700 1 _aΘωμαδάκης Σταύρος Β
_94684
942 _cBK
999 _c3814
_d3814